01006cam a2200241 a 45000010009000000050017000090080041000260200039000670200027001060500021001330820018001541000031001722450047002032500060002502600059003103000029003695000019003986500039004177000019004568560091004758560092005668560106006581375408520250505103023.0041019s2004 enk b 001 0 eng  a0199269955 (hardback : alk. paper) a019927021X (paperback)00aKD4879b.W3 200400a342.41/062221 aWade, William,d1918-2004.10aAdministrative law /cby Sir William Wade. a9th ed. /bby Sir William Wade and Christopher Forsyth. aOxford ;aNew York :bOxford University Press,cc2004. axciii, 1035 p. ;c26 cm. aIncludes index 0aAdministrative lawzGreat Britain.1 aForsyth, C. F.423Publisher descriptionuhttp://www.loc.gov/catdir/enhancements/fy0621/2004558561-d.html413Table of contents onlyuhttp://www.loc.gov/catdir/enhancements/fy0621/2004558561-t.html423Contributor biographical informationuhttp://www.loc.gov/catdir/enhancements/fy0725/2004558561-b.html